000 00618nam a22002057a 4500
005 20211026113649.0
008 210219b ||||| |||| 00| 0 eng d
020 _a9789386053343
040 _aIN-DiNC
_cIN-DiNC
041 _deng
082 _a330.015195
_bSIN
100 _aSingh, Raj Bahadur
_eauthor
245 _aStatistical methods for economics /
_cby Raj Bahadur Singh, Mohd. Wasim Ahmed and Narendra Sharma
260 _aNew Delhi:
_bWisdom press,
_c2018
300 _av, 222p.
650 _aEconometrics
700 _aAhmed, Mohd. Wasim
_eauthor
700 _aSharma, Narendra
_eauthor
942 _2ddc
_cBK
999 _c11141
_d11141